[Event "XXIV Memorial Edoardo Crespi A"]
[Site "Milano ITA"]
[Date "2003.12.07"]
[Round "3"]
[White "Lapiccirella, Mattia"]
[Black "Rosin, Federico"]
[Result "1-0"]
[WhiteElo "2180"]
[BlackElo "2117"]
[PlyCount "53"]
[EventDate "2003.12.05"]

1. Nf3 d5 2. c4 e6 3. d4 c5 4. cxd5 exd5 5. Nc3 Nc6 6. e3 Nf6 7. dxc5 Bxc5 8.
a3 O-O 9. Be2 Bf5 10. O-O Rc8 11. b4 Bd6 12. Bb2 Bb8 13. Rc1 Qd7 14. Nb5 Rfd8
15. Nbd4 Be4 16. Nxc6 Rxc6 17. Rxc6 bxc6 18. Qd4 Qf5 19. Rc1 Qh5 20. Rxc6 Bxf3
21. Bxf3 Qxh2+ 22. Kf1 Qh1+ 23. Ke2 Qb1 24. Rxf6 Rc8 25. Rc6 Qc2+ 26. Rxc2
Rxc2+ 27. Kd1 1-0

[Event "XXIV Memorial Edoardo Crespi A"]
[Site "Milano ITA"]
[Date "2003.12.07"]
[Round "3"]
[White "Mazzini, Antonio"]
[Black "Manzoni, Alessandro"]
[Result "1/2-1/2"]
[WhiteElo "2131"]
[BlackElo "2034"]
[PlyCount "52"]
[EventDate "2003.12.05"]

1. d4 d5 2. c4 c6 3. Nc3 Nf6 4. Nf3 e6 5. cxd5 cxd5 6. Bg5 Be7 7. Qc2 O-O 8. e3
Ne4 9. Bxe7 Qxe7 10. Bd3 f5 11. O-O Nd7 12. Rab1 g5 13. b4 g4 14. Nd2 Qh4 15.
f4 Rf6 16. Bxe4 fxe4 17. g3 Qh5 18. a4 Rh6 19. Rf2 Nf8 20. Nb3 Ng6 21. Qe2 Ne7
22. Nc5 Nf5 23. Rg2 Qg6 24. Rb2 Qg7 25. Qd2 Nd6 26. Qe2 Nf5 1/2-1/2

[Event "XXIV Memorial Edoardo Crespi A"]
[Site "Milano ITA"]
[Date "2003.12.07"]
[Round "3"]
[White "Pace, Pietro Dario"]
[Black "Contin, Daniel"]
[Result "0-1"]
[WhiteElo "2115"]
[BlackElo "2377"]
[PlyCount "80"]
[EventDate "2003.12.05"]

1. e4 e6 2. d3 c5 3. Nf3 Nc6 4. g3 g6 5. Bg2 Bg7 6. O-O Nge7 7. Nbd2 O-O 8. Re1
d6 9. c3 e5 10. a4 h6 11. Nc4 f5 12. Ne3 Be6 13. Nd2 f4 14. Nd5 Qd7 15. Nc4 g5
16. Bd2 Rf7 17. b4 cxb4 18. Nxb4 Nxb4 19. cxb4 Raf8 20. Bc3 Bh3 21. Ra2 Ng6 22.
Bh1 a6 23. b5 Rf6 24. Nb6 Qf7 25. Qd2 Nh4 26. Nd5 Rg6 27. Qe2 Qd7 28. Rb1 Bg4
29. Qf1 fxg3 30. hxg3 Nf3+ 31. Bxf3 Bxf3 32. bxa6 bxa6 33. Rab2 Kh7 34. a5 Qg4
35. Ne3 Qh5 36. Ng2 Qh3 37. Bd2 h5 38. Rb7 h4 39. g4 Rf4 40. Bxf4 gxf4 0-1

[Event "XXIV Memorial Edoardo Crespi A"]
[Site "Milano ITA"]
[Date "2003.12.07"]
[Round "3"]
[White "Pelizzola, Danilo"]
[Black "Bianchi, Alberto"]
[Result "0-1"]
[WhiteElo "2118"]
[BlackElo "2034"]
[PlyCount "56"]
[EventDate "2003.12.05"]

1. e4 e5 2. Nf3 Nc6 3. Bb5 a6 4. Ba4 Nf6 5. O-O Nxe4 6. d4 b5 7. Bb3 d5 8. dxe5
Be6 9. c3 Be7 10. Nbd2 Nc5 11. Bc2 Qd7 12. Nb3 Rd8 13. Nbd4 Bg4 14. Re1 Nxd4
15. cxd4 Ne6 16. Be3 c5 17. dxc5 d4 18. Bd2 d3 19. Bb1 Bxc5 20. Ba5 O-O 21. Qd2
Qa7 22. Bxd8 Rxd8 23. Rd1 Qb7 24. Bxd3 Bxf3 25. gxf3 Qxf3 26. Qe2 Rxd3 27. Qxd3
Bxf2+ 28. Kf1 Be3+ 0-1

[Event "XXIV Memorial Edoardo Crespi A"]
[Site "Milano ITA"]
[Date "2003.12.07"]
[Round "3"]
[White "Petrini, Roberto"]
[Black "Facchetti, Gianni"]
[Result "0-1"]
[WhiteElo "2106"]
[BlackElo "2159"]
[PlyCount "87"]
[EventDate "2003.12.05"]

1. e4 e5 2. Nf3 Nc6 3. d4 exd4 4. Nxd4 Bb4+ 5. c3 Be7 6. Bc4 Nf6 7. Nxc6 dxc6
8. Qe2 O-O 9. O-O Qe8 10. Bf4 Bd6 11. e5 Nd5 12. Bg3 Bc5 13. Nd2 Be6 14. Ne4
Be7 15. Rae1 Qd7 16. h3 Rae8 17. Rd1 Qc8 18. Bb3 Rd8 19. Qh5 Bf5 20. Bc2 Bg6
21. Qe2 Rfe8 22. h4 Qe6 23. h5 Bf5 24. c4 Nb6 25. Rxd8 Rxd8 26. b3 Nd7 27. f4
h6 28. Nc3 Nf8 29. Be4 Bb4 30. Bxf5 Qxf5 31. Ne4 Rd4 32. Nf2 Rd2 33. Qg4 Qxg4
34. Nxg4 Ne6 35. f5 Nd4 36. Kh2 Bf8 37. f6 Rxa2 38. Rd1 c5 39. b4 Ne6 40. bxc5
Bxc5 41. fxg7 Kxg7 42. Nf6 Be3 43. Rd3 Bg5 44. Ng4 0-1

[Event "XXIV Memorial Edoardo Crespi A"]
[Site "Milano ITA"]
[Date "2003.12.07"]
[Round "3"]
[White "Rossi, Giampiero"]
[Black "Jara, Erik"]
[Result "0-1"]
[WhiteElo "2040"]
[BlackElo "2127"]
[PlyCount "68"]
[EventDate "2003.12.05"]

1. d4 Nf6 2. c4 e6 3. Nc3 Bb4 4. Qc2 Nc6 5. Nf3 d5 6. e3 O-O 7. Bd3 dxc4 8.
Bxc4 b6 9. O-O Bb7 10. Bd2 Rc8 11. Rfd1 Na5 12. Be2 c5 13. a3 cxd4 14. axb4 Be4
15. Qa4 Bc6 16. Bb5 dxc3 17. Bxc3 Qe8 18. Nd4 Bxb5 19. Qxb5 Nc4 20. Qxe8 Rfxe8
21. Rxa7 Red8 22. Rda1 Ne4 23. g3 Ncd6 24. R7a6 Nc4 25. Kg2 Kf8 26. Nf3 f6 27.
Nd4 Rd6 28. b5 Nxc3 29. bxc3 e5 30. Ra8 Rxa8 31. Rxa8+ Kf7 32. Rc8 exd4 33.
Rxc4 d3 34. Rc6 Rd7 0-1

[Event "XXIV Memorial Edoardo Crespi A"]
[Site "Milano ITA"]
[Date "2003.12.07"]
[Round "3"]
[White "Vancini, Edoardo"]
[Black "Podini, Francesco"]
[Result "1/2-1/2"]
[WhiteElo "2284"]
[BlackElo "2041"]
[PlyCount "118"]
[EventDate "2003.12.05"]

1. e4 c5 2. Nc3 e6 3. g3 Nc6 4. Bg2 g6 5. d3 Bg7 6. Be3 Nd4 7. Nce2 Rb8 8. c3
Nxe2 9. Nxe2 b6 10. d4 cxd4 11. Nxd4 a6 12. Qd2 Bb7 13. O-O-O Nf6 14. Bh6 O-O
15. Rhe1 b5 16. Bxg7 Kxg7 17. Nb3 Qc7 18. Qd4 Rfc8 19. Kb1 Qc4 20. Na5 Qxd4 21.
Rxd4 Bc6 22. f3 h5 23. Rc1 d5 24. Nxc6 Rxc6 25. exd5 Nxd5 26. f4 Rd6 27. Rcd1
Rbd8 28. Bxd5 exd5 29. a4 Kf6 30. axb5 axb5 31. Rb4 Rb6 32. c4 Ke6 33. Rb3 Rbb8
34. Re3+ Kf6 35. cxd5 Rd6 36. Kc2 Rbd8 37. Re5 Kg7 38. Kb3 f6 39. Re7+ Kf8 40.
Rh7 Kg8 41. Rb7 Rxd5 42. Rc1 R8d7 43. Rxd7 Rxd7 44. Rc5 Rd2 45. Rc2 Rd4 46. h4
Rd3+ 47. Rc3 Rd4 48. Kc2 Rd5 49. Rd3 Rc5+ 50. Kb3 Kf7 51. Kb4 Rc2 52. b3 Ke6
53. Kxb5 Kf5 54. b4 Ke4 55. Rd6 Rc3 56. Rxf6 Rxg3 57. Kc4 Rh3 58. b5 Rxh4 59.
b6 Rh1 1/2-1/2

[Event "XXIV Memorial Edoardo Crespi A"]
[Site "Milano ITA"]
[Date "2003.12.07"]
[Round "3"]
[White "Zacco, Remo"]
[Black "Locatelli, Andrea"]
[Result "0-1"]
[WhiteElo "2077"]
[BlackElo "2106"]
[PlyCount "86"]
[EventDate "2003.12.05"]

1. e4 c5 2. Nc3 d6 3. f4 Nf6 4. Nf3 a6 5. d3 g6 6. h3 Bg7 7. g4 Nc6 8. Bg2 O-O
9. Ne2 Qb6 10. O-O c4+ 11. Kh1 cxd3 12. cxd3 e5 13. f5 d5 14. Ng3 Rd8 15. Qe2
dxe4 16. dxe4 Qb5 17. Qf2 Nb4 18. fxg6 fxg6 19. g5 Nd7 20. Rd1 Rf8 21. Qe3 Nc2
22. Qc3 Nxa1 23. Be3 Qc6 24. Qxc6 bxc6 25. Rxa1 Rb8 26. b3 Nb6 27. Rc1 Bd7 28.
Ne1 Rfc8 29. Nd3 Be6 30. Nc5 Bf7 31. Nxa6 Ra8 32. Bf1 Nc4 33. Bxc4 Bxc4 34. Nb4
Be6 35. Nxc6 Kf7 36. Rf1+ Ke8 37. Nb4 Rc3 38. Bf2 Bf8 39. Nd5 Bxd5 40. exd5
Rxa2 41. Ne4 Rxb3 42. d6 Kd7 43. Nf6+ Kxd6 0-1

[Event "XXIV Memorial Edoardo Crespi A"]
[Site "Milano ITA"]
[Date "2003.12.07"]
[Round "4"]
[White "Barpiyeva, Gulsana"]
[Black "Rossi, Giampiero"]
[Result "1-0"]
[WhiteElo "2169"]
[BlackElo "2040"]
[PlyCount "82"]
[EventDate "2003.12.05"]

1. c4 e6 2. Nc3 d5 3. d4 c6 4. e3 Nf6 5. Nf3 Nbd7 6. Bd3 Be7 7. O-O O-O 8. b3
b6 9. Qc2 Bb7 10. Bb2 h6 11. Rfe1 Rc8 12. Rad1 Qc7 13. a3 Rfd8 14. b4 c5 15.
dxc5 bxc5 16. b5 dxc4 17. Be2 Nb6 18. e4 Rxd1 19. Rxd1 Rd8 20. Rxd8+ Qxd8 21.
a4 Qa8 22. Nd2 a5 23. f3 Nfd7 24. Nd1 Qb8 25. Ne3 Bd6 26. g3 Be5 27. Ndxc4 Nxc4
28. Nxc4 Bxb2 29. Qxb2 Qa7 30. Qc3 Nb6 31. Qxa5 Qxa5 32. Nxa5 Ba8 33. Bd1 Kf8
34. Kf2 Ke7 35. Ke3 f5 36. Bb3 fxe4 37. fxe4 e5 38. Nc4 Nxc4+ 39. Bxc4 Kd6 40.
a5 Bb7 41. a6 Ba8 1-0

[Event "XXIV Memorial Edoardo Crespi A"]
[Site "Milano ITA"]
[Date "2003.12.07"]
[Round "4"]
[White "Berra, Davide"]
[Black "Bevilacqua, Maurizio"]
[Result "0-1"]
[WhiteElo "2207"]
[BlackElo "2082"]
[PlyCount "82"]
[EventDate "2003.12.05"]

1. d4 Nf6 2. Nf3 e6 3. Bg5 c5 4. e3 Qb6 5. Qc1 Ne4 6. Bf4 Nc6 7. c3 d5 8. Nbd2
Nxd2 9. Qxd2 Be7 10. Bd3 Bf6 11. O-O O-O 12. Rae1 Re8 13. Ne5 Nxe5 14. dxe5 Be7
15. Qe2 Bd7 16. h4 a6 17. b3 Rad8 18. Bg5 Bb5 19. c4 dxc4 20. bxc4 Bc6 21. Rd1
Qc7 22. f4 Rd7 23. Qh5 g6 24. Qe2 Bxg5 25. hxg5 Qa5 26. Bb1 Red8 27. Rxd7 Rxd7
28. Rd1 Rxd1+ 29. Qxd1 Kg7 30. Kf2 Qc3 31. Qc2 Qb4 32. g4 b5 33. f5 bxc4 34.
f6+ Kf8 35. Qd1 Qb2+ 36. Bc2 Ke8 37. Kf1 Qxe5 38. Ba4 Bb5 39. Bxb5+ axb5 40.
Qf3 Qd5 41. Qh3 Qxg5 0-1

[Event "XXIV Memorial Edoardo Crespi A"]
[Site "Milano ITA"]
[Date "2003.12.07"]
[Round "4"]
[White "Bianchi, Alberto"]
[Black "Pace, Pietro Dario"]
[Result "1/2-1/2"]
[WhiteElo "2034"]
[BlackElo "2115"]
[PlyCount "110"]
[EventDate "2003.12.05"]

1. e4 e5 2. Nf3 Nc6 3. Bb5 a6 4. Ba4 Nf6 5. O-O b5 6. Bb3 Bc5 7. d3 d6 8. h3
Bb7 9. c3 h6 10. Bd2 Qd7 11. a4 O-O-O 12. Na3 b4 13. Nc2 bxc3 14. bxc3 g5 15.
Nh2 Rdg8 16. Ng4 Qe7 17. Nxf6 Qxf6 18. Qg4+ Kb8 19. Bd5 Bc8 20. Rab1+ Bb6 21.
Qg3 Na5 22. Be3 Ka7 23. Bxb6+ cxb6 24. Qe3 Qd8 25. Rb2 Qc7 26. Rfb1 Qc5 27. d4
exd4 28. cxd4 Qc7 29. e5 Bf5 30. exd6 Qxd6 31. Qe5 Rd8 32. Qxf5 Qxd5 33. Qxd5
Rxd5 34. Rxb6 Rc8 35. Ne3 Rxd4 36. Rxh6 Rxa4 37. Rbb6 Nc4 38. Nxc4 Rcxc4 39.
Rbf6 Rf4 40. g3 Rxf6 41. Rxf6 a5 42. Rxf7+ Kb6 43. Rf5 g4 44. hxg4 Rxg4 45. Rf3
a4 46. Ra3 Kb5 47. Kg2 Kb4 48. Ra1 a3 49. f4 Kb3 50. Kf3 Rg8 51. f5 Kb2 52. Rh1
a2 53. Rh2+ Kb3 54. Rh1 Kb2 55. Rh2+ Kb3 1/2-1/2

[Event "XXIV Memorial Edoardo Crespi A"]
[Site "Milano ITA"]
[Date "2003.12.07"]
[Round "4"]
[White "Bonade', Massimo"]
[Black "Mazzini, Antonio"]
[Result "0-1"]
[WhiteElo "2053"]
[BlackElo "2131"]
[PlyCount "127"]
[EventDate "2003.12.05"]

1. d4 d5 2. c4 e6 3. Nc3 c5 4. e3 Nf6 5. Nf3 Nc6 6. cxd5 exd5 7. g3 Bg4 8. Bg2
cxd4 9. exd4 Bb4 10. O-O O-O 11. Qd3 Ne4 12. Be3 Re8 13. Nh4 Nxc3 14. bxc3 Be7
15. Nf3 Bf6 16. Qb5 Qd7 17. Nd2 Rad8 18. Rab1 b6 19. a4 h5 20. h4 Ne7 21. Rfc1
Rc8 22. a5 Qxb5 23. Rxb5 Bd7 24. Rb2 bxa5 25. Rb7 Bc6 26. Rxa7 Ra8 27. Rxa8
Rxa8 28. Nb1 Rb8 29. Bf4 Rb3 30. Nd2 Rb2 31. Rb1 Rxb1+ 32. Nxb1 Kf8 33. Kf1 Nc8
34. Ke1 Ke8 35. Kd1 Nb6 36. Bf3 g6 37. Be2 Kd7 38. Kc2 Ba4+ 39. Kb2 Kc6 40. Na3
Be7 41. Bd2 Bxa3+ 42. Kxa3 Bb5 43. Bxb5+ Kxb5 44. Bc1 Kc4 45. Bb2 Kd3 46. Kb3
Nc4 47. Bc1 a4+ 48. Kxa4 Kxc3 49. Kb5 Kxd4 50. Kc6 Ke5 51. Bf4+ Ke6 52. Kc5 Ne5
53. Kd4 f6 54. Bc1 Ng4 55. f3 Ne5 56. Ke3 d4+ 57. Kxd4 Nxf3+ 58. Ke4 Ne5 59.
Be3 Nc4 60. Bc1 Nd6+ 61. Kf4 Nb5 62. g4 Nd4 63. Be3 Ne2+ 64. Kf3 0-1

[Event "XXIV Memorial Edoardo Crespi A"]
[Site "Milano ITA"]
[Date "2003.12.07"]
[Round "4"]
[White "Buonocore, Elio"]
[Black "Bozzali, Ermanno"]
[Result "1/2-1/2"]
[WhiteElo "2099"]
[BlackElo "2124"]
[PlyCount "95"]
[EventDate "2003.12.05"]

1. e4 c5 2. c3 Nf6 3. e5 Nd5 4. Nf3 e6 5. d4 cxd4 6. cxd4 b6 7. Nc3 Nxc3 8.
bxc3 Qc7 9. Bd2 Ba6 10. Bxa6 Nxa6 11. Qe2 Qb7 12. h4 Rc8 13. a4 Nb8 14. O-O d5
15. exd6 Bxd6 16. Ng5 Qd5 17. Qb5+ Kf8 18. Rfe1 h6 19. Nf3 Kg8 20. Ne5 Nc6 21.
Qxd5 exd5 22. Nxc6 Rxc6 23. a5 b5 24. a6 Kh7 25. Reb1 Rb8 26. Ra5 Rcb6 27. Kf1
Kg6 28. Ke2 Kf6 29. h5 Ke6 30. g4 Kd7 31. f4 Kc6 32. g5 Re8+ 33. Kf3 Rbb8 34.
gxh6 gxh6 35. Rg1 Rg8 36. Raa1 Be7 37. f5 Bg5 38. Bxg5 hxg5 39. f6 b4 40. cxb4
Rxb4 41. Rab1 Rxd4 42. Rb7 Rf4+ 43. Ke2 Rxf6 44. Rxa7 Re8+ 45. Kd2 Rf2+ 46. Kd3
Rf3+ 47. Kd2 f6 48. Rf7 1/2-1/2

[Event "XXIV Memorial Edoardo Crespi A"]
[Site "Milano ITA"]
[Date "2003.12.07"]
[Round "4"]
[White "Castrogiovanni, Carlo"]
[Black "Pietrocola, Roberto"]
[Result "1/2-1/2"]
[WhiteElo "2068"]
[BlackElo "1903"]
[PlyCount "141"]
[EventDate "2003.12.05"]

1. Nf3 d5 2. c4 c6 3. g3 Nf6 4. b3 Bf5 5. Bb2 e6 6. Bg2 h6 7. O-O Be7 8. d3 O-O
9. Nbd2 Nbd7 10. Re1 Bh7 11. Qc2 Qb6 12. a3 Ng4 13. e3 Nc5 14. Bf1 a5 15. Qc3
Nf6 16. Ne5 Qc7 17. Bg2 Bd6 18. Ng4 Nxd3 19. Nxf6+ gxf6 20. Nf3 Be5 21. Nxe5
Qxe5 22. Qxd3 Bxd3 23. Bxe5 fxe5 24. c5 Rfb8 25. e4 d4 26. f4 f6 27. Bh3 Kf7
28. Rac1 a4 29. b4 Rd8 30. Bf1 Bxf1 31. Rxf1 exf4 32. gxf4 Rg8+ 33. Kh1 Rg4 34.
e5 f5 35. Rcd1 Rd8 36. Rd3 h5 37. h3 Rg7 38. Rg1 Rxg1+ 39. Kxg1 h4 40. Kf2 Ke7
41. Ke2 Rg8 42. Kf2 Rd8 43. Ke2 Rd7 44. Rd1 Kd8 45. Kd3 Rg7 46. Kc4 Rg3 47.
Rxd4+ Kc7 48. Rd3 b6 49. cxb6+ Kxb6 50. Kd4 Rg1 51. Kc4 Rf1 52. Rd6 Rxf4+ 53.
Kc3 Rf3+ 54. Kb2 Rxh3 55. Rxe6 Rb3+ 56. Ka2 Re3 57. Rh6 h3 58. e6 Re2+ 59. Ka1
h2 60. e7 Rxe7 61. Rxh2 Kb5 62. Rh6 Rf7 63. Kb2 f4 64. Rh5+ Kb6 65. Rh2 f3 66.
Rf2 c5 67. bxc5+ Kxc5 68. Kc3 Rb7 69. Rc2 Rb3+ 70. Kd2+ Kd4 71. Rc8 1/2-1/2

[Event "XXIV Memorial Edoardo Crespi A"]
[Site "Milano ITA"]
[Date "2003.12.07"]
[Round "4"]
[White "Contin, Daniel"]
[Black "Efimov, Igor"]
[Result "0-1"]
[WhiteElo "2377"]
[BlackElo "2497"]
[PlyCount "54"]
[EventDate "2003.12.05"]

1. c4 e6 2. Nf3 Nf6 3. g3 d5 4. b3 dxc4 5. bxc4 e5 6. Nc3 e4 7. Ng5 Ng8 8. h4
h6 9. Nh3 Nf6 10. Bg2 Nc6 11. Rb1 Bc5 12. Bb2 Bf5 13. Qb3 O-O 14. O-O Nd4 15.
Qxb7 Qd6 16. Nd5 Nxe2+ 17. Kh1 Nh5 18. Nhf4 Nhxf4 19. Nxf4 Nxf4 20. gxf4 Qxf4
21. Kg1 Bd6 22. Rfe1 Qh2+ 23. Kf1 Bh3 24. Qxe4 Rae8 25. Re3 Rxe4 26. Rxh3 Qf4
27. Rg3 Rb8 0-1

[Event "XXIV Memorial Edoardo Crespi A"]
[Site "Milano ITA"]
[Date "2003.12.07"]
[Round "4"]
[White "Damia, Angelo"]
[Black "Kidane, Robel"]
[Result "1/2-1/2"]
[WhiteElo "2059"]
[BlackElo "2049"]
[PlyCount "107"]
[EventDate "2003.12.05"]

1. e4 c5 2. Nf3 d6 3. d4 cxd4 4. Nxd4 Nf6 5. Nc3 a6 6. Be2 e6 7. Be3 Be7 8. Nb3
Nbd7 9. O-O b5 10. a3 Bb7 11. f3 O-O 12. Qe1 d5 13. exd5 Bxd5 14. Nxd5 Nxd5 15.
Bf2 Qc7 16. Bd3 Bd6 17. Bg3 Bxg3 18. Qxg3 Rac8 19. Qxc7 Rxc7 20. Rf2 Ne5 21.
Bf1 Ne3 22. c3 Rd8 23. Rd2 Rxd2 24. Nxd2 Rd7 25. Re1 Nxf1 26. Nxf1 Nc4 27. b3
Nd2 28. Nxd2 Rxd2 29. Rc1 Kf8 30. c4 Ra2 31. cxb5 Rxa3 32. bxa6 Rxa6 33. Rb1
Ke7 34. Rb2 e5 35. Kf2 Kd6 36. Ke3 f5 37. Rd2+ Ke6 38. Kd3 g5 39. b4 Ra1 40.
Rc2 Rb1 41. Kc4 e4 42. fxe4 fxe4 43. Kd4 Rxb4+ 44. Ke3 Kf5 45. Rc5+ Kg4 46. h3+
Kh4 47. g3+ Kxg3 48. Rxg5+ Kh4 49. Rg7 h5 50. Rh7 Rb3+ 51. Kxe4 Rxh3 52. Kf4
Rh1 53. Kf3 Rf1+ 54. Kg2 1/2-1/2

[Event "XXIV Memorial Edoardo Crespi A"]
[Site "Milano ITA"]
[Date "2003.12.07"]
[Round "4"]
[White "Didoni, Renato"]
[Black "Pelizzola, Danilo"]
[Result "0-1"]
[WhiteElo "1888"]
[BlackElo "2118"]
[PlyCount "111"]
[EventDate "2003.12.05"]

1. Nf3 Nf6 2. d4 d5 3. Nbd2 e6 4. g3 c5 5. c3 Nc6 6. Bg2 Bd6 7. O-O O-O 8. a3
b6 9. Re1 Bb7 10. Nf1 Qc7 11. Bg5 Nd7 12. Rc1 c4 13. e4 f6 14. exd5 exd5 15.
Bh4 Rae8 16. Qc2 b5 17. Qf5 Nd8 18. Ne3 g6 19. Qg4 Re4 20. Qh3 Re7 21. g4 Ne6
22. Bg3 Nf4 23. Bxf4 Bxf4 24. Rc2 Rfe8 25. Rce2 Qd6 26. Nd2 Nb6 27. Ndf1 Bg5
28. Bf3 a5 29. Qg2 Kg7 30. Qh1 Bf4 31. h4 Qd7 32. Qg2 Kf8 33. Qh1 Bc6 34. Ng2
Rxe2 35. Rxe2 Rxe2 36. Bxe2 Bc1 37. Qh2 Bxb2 38. Qf4 Bxa3 39. Qxf6+ Kg8 40. h5
Be7 41. Qf4 Qd6 42. Qh6 g5 43. Qxd6 Bxd6 44. Nge3 b4 45. cxb4 axb4 46. Bd1 b3
47. Nd2 Ba4 48. Nb1 Bb4 49. Bf3 Bc6 50. Bd1 Kf7 51. Kf1 Na4 52. Ke2 Nc3+ 53.
Nxc3 Bxc3 54. f3 Bxd4 55. Kd2 c3+ 56. Kd3 0-1

[Event "XXIV Memorial Edoardo Crespi A"]
[Site "Milano ITA"]
[Date "2003.12.07"]
[Round "4"]
[White "Giretti Kanev, Jasen"]
[Black "Petrini, Roberto"]
[Result "1-0"]
[WhiteElo "2210"]
[BlackElo "2106"]
[PlyCount "120"]
[EventDate "2003.12.05"]

1. e4 e5 2. Nf3 Nc6 3. Bb5 a6 4. Bxc6 dxc6 5. O-O Bg4 6. c3 Qd3 7. Qb3 O-O-O 8.
Nxe5 Qxe4 9. Nxf7 Be6 10. Ng5 Bxb3 11. Nxe4 Bc2 12. Ng5 Nh6 13. d4 Re8 14. Nf3
Bd6 15. Bxh6 gxh6 16. Nbd2 Rhg8 17. Rfe1 Bf4 18. g3 Ref8 19. Kg2 h5 20. Nc4 Rg7
21. Nce5 Bxe5 22. Nxe5 h4 23. Re2 Bf5 24. Re3 h3+ 25. Kg1 h5 26. f3 Rd8 27.
Rae1 Rgg8 28. Nf7 Rdf8 29. Nh6 Rh8 30. Nxf5 Rxf5 31. Re8+ Rxe8 32. Rxe8+ Kd7
33. Re3 c5 34. dxc5 Rxc5 35. Rd3+ Ke6 36. Kf2 a5 37. Rd4 Kf5 38. Ke3 b5 39. Rh4
Kg6 40. Rd4 Re5+ 41. Kf2 Rc5 42. Ke2 a4 43. Kd2 Re5 44. f4 Rc5 45. b4 axb3 46.
axb3 Kf5 47. b4 Rc6 48. Rd5+ Kg4 49. Ke2 Rg6 50. Rxb5 h4 51. Kf2 hxg3+ 52. hxg3
c6 53. Re5 Rg7 54. c4 h2 55. Kg2 h1=Q+ 56. Kxh1 Kf3 57. b5 cxb5 58. Rxb5 Rh7+
59. Kg1 Kxg3 60. f5 Ra7 1-0

[Event "XXIV Memorial Edoardo Crespi A"]
[Site "Milano ITA"]
[Date "2003.12.07"]
[Round "4"]
[White "Jara, Erik"]
[Black "Faccia, Sergio"]
[Result "1-0"]
[WhiteElo "2127"]
[BlackElo "1984"]
[PlyCount "127"]
[EventDate "2003.12.05"]

1. c4 e5 2. Nc3 c6 3. Nf3 d5 4. Nxe5 d4 5. Nb1 Bd6 6. Nf3 c5 7. g3 Nf6 8. Na3
Nc6 9. Bg2 Bg4 10. d3 O-O 11. Bg5 h6 12. Bd2 Qd7 13. Rb1 a6 14. Nc2 Rfe8 15.
O-O Bh3 16. b4 Bxg2 17. Kxg2 b6 18. Re1 Qf5 19. Nh4 Qd7 20. e4 dxe3 21. fxe3
Rad8 22. bxc5 bxc5 23. Nf3 Ne5 24. Rb3 Bc7 25. Qe2 Nxd3 26. Reb1 Ne5 27. Bc3
Nxf3 28. Bxf6 Ne5 29. Bxd8 Rxd8 30. Ne1 Ba5 31. Rb8 Rxb8 32. Rxb8+ Kh7 33. Qc2+
g6 34. Nf3 Ng4 35. Qe4 Nf6 36. Rb7 Bc7 37. Qb1 Qc6 38. e4 Nd7 39. Rb3 Nf6 40.
Re3 Ng4 41. Re2 Qe6 42. Qd3 Nf6 43. e5 Nd7 44. Qd5 Qxd5 45. cxd5 Kg7 46. Kf2 g5
47. h3 c4 48. Ke1 h5 49. g4 hxg4 50. hxg4 Kg6 51. Kd2 Ba5+ 52. Kc2 Bb4 53. Nd4
a5 54. Nf5 a4 55. Re4 Nb6 56. Rd4 Bc5 57. Rd1 Nd7 58. Re1 Bb4 59. Re4 Nb6 60.
d6 Nd7 61. Rxc4 Be1 62. Re4 Bf2 63. e6 fxe6 64. Rxe6+ 1-0

[Event "XXIV Memorial Edoardo Crespi A"]
[Site "Milano ITA"]
[Date "2003.12.07"]
[Round "4"]
[White "La Torre, Giovanni"]
[Black "Lapiccirella, Mattia"]
[Result "1/2-1/2"]
[WhiteElo "2057"]
[BlackElo "2180"]
[PlyCount "38"]
[EventDate "2003.12.05"]

1. Nf3 Nf6 2. g3 g6 3. Bg2 Bg7 4. c4 O-O 5. O-O d6 6. d4 Na6 7. Nc3 c5 8. d5
Nc7 9. a4 Rb8 10. Qc2 e5 11. dxe6 Nxe6 12. Rd1 Ne8 13. Ra3 a6 14. e4 Nd4 15.
Nxd4 Bxd4 16. Ne2 Bg4 17. Be3 Bxe2 18. Qxe2 Bxe3 19. Rxe3 Qa5 1/2-1/2

[Event "XXIV Memorial Edoardo Crespi A"]
[Site "Milano ITA"]
[Date "2003.12.07"]
[Round "4"]
[White "Locatelli, Andrea"]
[Black "Vancini, Edoardo"]
[Result "0-1"]
[WhiteElo "2106"]
[BlackElo "2284"]
[PlyCount "82"]
[EventDate "2003.12.05"]

1. e4 c5 2. Nf3 e6 3. d4 cxd4 4. Nxd4 Nc6 5. Nb5 d6 6. Bf4 e5 7. Be3 a6 8. N5c3
Nf6 9. Bg5 Be6 10. Nd2 Be7 11. Bxf6 Bxf6 12. Nc4 Nd4 13. Ne3 Rc8 14. Bd3 Bg5
15. Ncd5 O-O 16. c3 Nc6 17. Be2 Bxe3 18. Nxe3 Ne7 19. Bg4 d5 20. exd5 Bxg4 21.
Qxg4 f5 22. Qb4 f4 23. Nc2 b5 24. O-O-O Rc4 25. Qb3 Qd6 26. Qa3 Rc5 27. Rhe1
Rfc8 28. Re2 Nf5 29. Rde1 f3 30. gxf3 Nh4 31. Rxe5 Nxf3 32. Re8+ Rxe8 33. Rxe8+
Kf7 34. Re3 Nxh2 35. Rd3 Ng4 36. Qb4 Qh6+ 37. Rd2 Nxf2 38. Ne1 Rxd5 39. c4 Rd4
40. b3 Ne4 41. Nf3 Rd8 0-1

[Event "XXIV Memorial Edoardo Crespi A"]
[Site "Milano ITA"]
[Date "2003.12.07"]
[Round "4"]
[White "Murgia, Andrea"]
[Black "Zacco, Remo"]
[Result "0-1"]
[WhiteElo "2132"]
[BlackElo "2077"]
[PlyCount "76"]
[EventDate "2003.12.05"]

1. e4 d6 2. d4 g6 3. c3 Bg7 4. Bd3 Nd7 5. Nf3 e6 6. Bg5 Ne7 7. Na3 a6 8. Qd2 h6
9. Be3 b6 10. O-O g5 11. Rad1 Bb7 12. Qe2 Ng6 13. Nc4 Qe7 14. e5 O-O 15. exd6
cxd6 16. Bc1 f5 17. Rfe1 Rae8 18. Nxg5 hxg5 19. Qh5 Nf4 20. Bxf4 gxf4 21. g4
Nf6 22. Qg5 Nxg4 23. Qxf4 e5 24. Qg3 Qf6 25. Nxb6 Re7 26. Bc4+ Kh8 27. dxe5
Nxe5 28. Rxe5 dxe5 29. Nd7 f4 30. Qg4 Qf5 31. Qh4+ Qh7 32. Qxe7 Qg6+ 33. Kf1
Qg2+ 34. Ke1 Qg1+ 35. Kd2 Qxf2+ 36. Kc1 Rc8 37. Qd6 f3 38. Nb6 Be4 0-1

[Event "XXIV Memorial Edoardo Crespi A"]
[Site "Milano ITA"]
[Date "2003.12.07"]
[Round "4"]
[White "Paoli, Enrico"]
[Black "Cazzaniga, Walter"]
[Result "0-1"]
[WhiteElo "1950"]
[BlackElo "2119"]
[PlyCount "68"]
[EventDate "2003.12.05"]

1. e4 e6 2. Qe2 c5 3. Nc3 Nc6 4. Nf3 g6 5. d3 Bg7 6. Bd2 Nge7 7. g3 O-O 8. Bg2
Rb8 9. O-O b5 10. a3 a5 11. Bf4 d6 12. Nd1 Nd4 13. Nxd4 cxd4 14. Qd2 Bb7 15.
Bh6 Rc8 16. Bxg7 Kxg7 17. f4 e5 18. f5 f6 19. fxg6 hxg6 20. Bh3 Rc5 21. b4 axb4
22. axb4 Rc6 23. Ra5 Rb6 24. Be6 d5 25. Nf2 Rxe6 26. Rxb5 Rb6 27. Rc5 Qd7 28.
h3 dxe4 29. dxe4 Rh8 30. Kh2 Bxe4 31. Nxe4 Qxh3+ 32. Kg1 Qh1+ 33. Kf2 Rh2+ 34.
Ke1 Qxe4+ 0-1

[Event "XXIV Memorial Edoardo Crespi A"]
[Site "Milano ITA"]
[Date "2003.12.07"]
[Round "4"]
[White "Podini, Francesco"]
[Black "Iudicello, Giovanni"]
[Result "1/2-1/2"]
[WhiteElo "2041"]
[BlackElo "2149"]
[PlyCount "69"]
[EventDate "2003.12.05"]

1. e4 e5 2. Bc4 Nc6 3. d3 Bc5 4. Nc3 Nf6 5. f4 d6 6. Nf3 a6 7. f5 h6 8. a3 O-O
9. Qe2 Re8 10. Bd2 b5 11. Bb3 Bb7 12. Nd5 Nd4 13. Nxf6+ Qxf6 14. Nxd4 exd4 15.
Bf4 d5 16. e5 Qxf5 17. O-O Qe6 18. Qh5 Bf8 19. Rf2 g6 20. Qf3 c5 21. Raf1 Re7
22. Bg3 Bg7 23. Qf4 Rf8 24. Qh4 Bxe5 25. Bxe5 Qxe5 26. Qxh6 Qe3 27. Qh4 c4 28.
Ba2 Re5 29. Kh1 Rh5 30. Qf6 Bc8 31. Rf4 Qg3 32. h4 Bf5 33. R1f3 Qe1+ 34. Kh2
Qe6 35. Qxd4 {...} 1/2-1/2

[Event "XXIV Memorial Edoardo Crespi A"]
[Site "Milano ITA"]
[Date "2003.12.07"]
[Round "4"]
[White "Raineri, Valerio"]
[Black "Barberi, Alessandro"]
[Result "0-1"]
[WhiteElo "2191"]
[BlackElo "2099"]
[PlyCount "86"]
[EventDate "2003.12.05"]

1. e4 c5 2. Nf3 d6 3. d4 cxd4 4. Nxd4 Nf6 5. Nc3 g6 6. Be3 Bg7 7. f3 Nc6 8. Qd2
O-O 9. Bc4 Bd7 10. Bb3 Ne5 11. h4 Qc7 12. h5 Nc4 13. Bxc4 Qxc4 14. O-O-O Rfc8
15. g4 b5 16. Kb1 b4 17. Nce2 a5 18. Ng3 a4 19. hxg6 fxg6 20. Rc1 Qf7 21. Qxb4
Rab8 22. Qa3 e5 23. Nde2 d5 24. Bh6 dxe4 25. Nxe4 Nxe4 26. fxe4 Bxh6 27. Rxh6
Bxg4 28. Ng3 Qf8 29. Qxf8+ Rxf8 30. Rh2 Rf3 31. Nf1 Rbf8 32. Nd2 Rf2 33. Rxf2
Rxf2 34. Nc4 Bf3 35. Nxe5 Bxe4 36. Ng4 Rf4 37. Ne3 h5 38. Rg1 h4 39. Kc1 h3 40.
Nf1 Rxf1+ 41. Rxf1 h2 42. a3 g5 43. b3 g4 0-1